LEADER 01093nam a2200253 i 4500 001 991003887609707536 005 20030103125202.0 008 020524s1982 it ||| | ita 035 $ab11878563-39ule_inst 035 $aPRUMB67284$9ExL 040 $aDip.to SSSC$bita 082 0 $a453 100 1 $aBatinti, Antonio$0220811 245 10$aRicerche sul lessico di base dell'italiano contemporaneo :$bcontributo all'insegnamento dell'italiano come lingua prima e come lingua seconda /$cAntonio Batinti, Wanda Trenta 260 $aPerugia :$bGuerra,$c1982 300 $a324 p. ;$c24 cm. 650 4$aLingua italiana - Lessico$ySec. 20. - Spogli di frequenza 700 1 $aTrenta, Wanda$eauthor$4http://id.loc.gov/vocabulary/relators/aut$0736215 907 $a.b11878563$b21-09-06$c07-01-03 912 $a991003887609707536 945 $aLE021 DI1BISA50$g1$iLE021N-7043$lle021$o-$pE0.00$q-$rl$s- $t0$u0$v0$w0$x0$y.i12133334$z07-01-03 996 $aRicerche sul lessico di base dell'italiano contemporaneo$91454736 997 $aUNISALENTO 998 $ale021$b01-01-02$cm$da $e-$fita$git $h0$i1 LEADER 02301oam 2200553 450 001 9910715942103321 005 20210415111202.0 035 $a(CKB)5470000002516675 035 $a(OCoLC)682005508$z(OCoLC)631644917$z(OCoLC)667855278$z(OCoLC)974647192$z(OCoLC)1153329961 035 $a(OCoLC)995470000002516675 035 $a(EXLCZ)995470000002516675 100 $a20101117d1993 ua 0 101 0 $aeng 135 $aurbn||||||||| 181 $ctxt$2rdacontent 182 $cc$2rdamedia 183 $acr$2rdacarrier 200 10$aRetention time simulation for Bushy Park Reservoir near Charleston, South Carolina /$fby David E. Bower, Curtis L. Sanders, Jr., and Paul A. Conrads ; prepared in cooperation with the Commissioners of Public Works of the city of Charleston, South Carolina 210 1$aColumbia, South Carolina :$cU.S. Geological Survey,$d1993. 215 $a1 online resource (iv, 47 pages) $cillustrations, maps 225 1 $aWater-resources investigations report ;$v93-4079 320 $aIncludes bibliographical references (pages 46-47). 606 $aReservoirs$zSouth Carolina$zCharleston Region$xRegulation$xComputer simulation 606 $aUnsteady flow (Fluid dynamics)$xComputer simulation 606 $aReservoirs$xComputer simulation$2fast 606 $aUnsteady flow (Fluid dynamics)$xComputer simulation$2fast 607 $aBushy Park Reservoir (S.C.)$xComputer simulation 607 $aSouth Carolina$zCharleston Region$2fast 615 0$aReservoirs$xRegulation$xComputer simulation. 615 0$aUnsteady flow (Fluid dynamics)$xComputer simulation. 615 7$aReservoirs$xComputer simulation. 615 7$aUnsteady flow (Fluid dynamics)$xComputer simulation. 700 $aBower$b David E.$01404028 702 $aSanders$b C. L$g(Curtis L.), 702 $aConrads$b Paul A. 712 02$aGeological Survey (U.S.), 712 02$aCharleston (S.C.).$bCommissioners of Public Works. 801 0$bOCLCE 801 1$bOCLCE 801 2$bOCLCQ 801 2$bOCLCO 801 2$bOCLCQ 801 2$bCOP 801 2$bOCLCF 801 2$bGPO 906 $aBOOK 912 $a9910715942103321 996 $aRetention time simulation for Bushy Park Reservoir near Charleston, South Carolina$93517133 997 $aUNINA